00306nam a2200097 a 450000500170000000800410001705000160005824500630007465000080013765000630014520141022142006.0080929s19uu xx 00 eng d aCDbE1 2006 aThe 5 lessons a millionaire taught me about life a wealth. aCD. aThe 5 lessons a millionaire taught me about life a wealth.